The foods of Jose Rizal : (Record no. 7840)

MARC details
000 -LEADER
fixed length control field 01170nam a22003377i 4500
003 - CONTROL NUMBER IDENTIFIER
control field URS
005 - DATE AND TIME OF LATEST TRANSACTION
control field 20220114152918.0
008 - FIXED-LENGTH DATA ELEMENTS--GENERAL INFORMATION
fixed length control field 160311b xxu||||| |||| 00| 0 eng d
020 ## - INTERNATIONAL STANDARD BOOK NUMBER
International Standard Book Number 9789712726569
040 ## - CATALOGING SOURCE
Original cataloging agency DLC
Description conventions rda
Transcribing agency URSP-College Library
Language of cataloging eng
042 ## - AUTHENTICATION CODE
Authentication code lcode
043 ## - GEOGRAPHIC AREA CODE
Geographic area code a-ph---
050 00 - LIBRARY OF CONGRESS CALL NUMBER
Classification number DS675.8.R5
Item number 959.902 5092 St1f 2012
100 1# - MAIN ENTRY--PERSONAL NAME
Personal name Sta. María, Felice
Fuller form of name (Santa María)
245 14 - TITLE STATEMENT
Title The foods of Jose Rizal :
Remainder of title Philippine national hero, 1861-1896 /
Statement of responsibility, etc. Felice Prudente Sta. Maria.
264 #1 - PRODUCTION, PUBLICATION, DISTRIBUTION, MANUFACTURE, AND COPYRIGHT NOTICE
Place of production, publication, distribution, manufacture Manila :
Name of producer, publisher, distributor, manufacturer Published and exclusively distributed by Anvil Pub.,
Date of production, publication, distribution, manufacture, or copyright notice [2012]
264 #4 - PRODUCTION, PUBLICATION, DISTRIBUTION, MANUFACTURE, AND COPYRIGHT NOTICE
Date of production, publication, distribution, manufacture, or copyright notice ©2012
300 ## - PHYSICAL DESCRIPTION
Extent 172 pages :
Other physical details illustrations ;
Dimensions 23cm
336 ## - CONTENT TYPE
Content type term text
Content type code txt
Source rdacontent
337 ## - MEDIA TYPE
Media type term unmediated
Media type code n
Source rdamedia
338 ## - CARRIER TYPE
Carrier type term volume
Carrier type code nc
Source rdacarrier
500 ## - GENERAL NOTE
General note Includes
504 ## - BIBLIOGRAPHY, ETC. NOTE
Bibliography, etc. note Includes bibliographical references (pages 171-172).
600 10 - SUBJECT ADDED ENTRY--PERSONAL NAME
Personal name Rizal, José,
Dates associated with a name 1861-1896.
650 #0 - SUBJECT ADDED ENTRY--TOPICAL TERM
Topical term or geographic name entry element Food preferences
Geographic subdivision Philippines.
650 #0 - SUBJECT ADDED ENTRY--TOPICAL TERM
Topical term or geographic name entry element Heroes
Geographic subdivision Philippines
Form subdivision Biography.
651 #0 - SUBJECT ADDED ENTRY--GEOGRAPHIC NAME
Geographic name Philippines
General subdivision History
Chronological subdivision 1812-1898.
906 ## - LOCAL DATA ELEMENT F, LDF (RLIN)
a 7
b cbc
c origode
d 3
e ncip
f 20
g y-gencatlg
942 ## - ADDED ENTRY ELEMENTS (KOHA)
Source of classification or shelving scheme Library of Congress Classification
Koha item type Filipiniana
Holdings
Withdrawn status Source of classification or shelving scheme Damaged status Not for loan Collection code Home library Current library Shelving location Date acquired Source of acquisition Total Checkouts Full call number Barcode Date last seen Price effective from Koha item type Copy number
  Library of Congress Classification     Non-fiction Pililla College Library Pililla College Library General Stacks 03/11/2016 Purchased   959.9025092 St1f 2012 URSPIL-4636 07/25/2018 03/11/2016 Filipiniana  
  Library of Congress Classification     Non-fiction Pililla College Library Pililla College Library General Stacks 03/11/2016 Purchased   959.9025092 St1f 2012 URSPIL-4733 07/25/2018 03/11/2016 Filipiniana 2
  Library of Congress Classification     Non-fiction Pililla College Library Pililla College Library General Stacks 03/11/2016 Purchased   959.9025092 St1f 2012 URSPIL-4732 07/25/2018 03/11/2016 Filipiniana 1

University of Rizal System
Email us at univlibservices@urs.edu.ph

Visit our Website www.urs.edu.ph/library